000 00467nam a2200169 i 4500
001 146980
003 ES-MaACL
007 t|
008 070920s1949 sp ||||1| spa d
080 _a621.396.62.00.467
100 1 _aDarkness, R. J.
_942731
245 1 0 _a1957 averías clasificadas /
_cR.J. Darkness (seud.).
250 _a[1ª ed.].
260 _aBarcelona :
_bBruguera,
_c1954.
300 _a253 p. :
_bil. ;
_c20 cm.
852 _aES-MaACL
_jE-721
_bR.26832
999 _c146980
_d146980